MARC

LEADER 00000nam0a2200000 4500
001 88553
005 20240507093943.0
010 |a 5280009121 
035 |a (RuTPU)RU\TPU\book\95037 
035 |a RU\TPU\book\29696 
090 |a 88553 
100 |a 20051227d1990 m y0rusy50 ca 
101 0 |a rus 
102 |a RU 
105 |a y z 000ay 
200 1 |a Стихи. Письма о русской поэзии  |f Н. С. Гумилев 
210 |a Москва  |c Художественная литература  |d 1990 
215 |a 448 с. 
610 1 |a поэзия 
610 1 |a стихотворения 
610 1 |a русская литература 
675 |a Р1  |v 3 
700 1 |a Гумилев  |b Н. С.  |c русский поэт  |f 1886-1921  |g Николай Степанович  |2 stltpush  |3 (RuTPU)RU\TPU\pers\1218  |9 542 
801 0 |a RU  |b 63413507  |c 20011209  |g PSBO 
801 2 |a RU  |b 63413507  |c 20160310  |g PSBO 
942 |c BK